Teoría y problemas de cálculo superior
Gorde:
| Egile nagusia: | |
|---|---|
| Formatua: | Liburua |
| Hizkuntza: | gaztelania |
| Argitaratua: |
Ciudad de México
McGraw-Hill
1970
|
| Gaiak: | |
| Etiketak: |
Etiketa erantsi
Etiketarik gabe, Izan zaitez lehena erregistro honi etiketa jartzen!
|
MARC
| LEADER | 00000nam a2200000 a 4500 | ||
|---|---|---|---|
| 001 | UCY3230 | ||
| 003 | CL-VaPUC | ||
| 008 | 941219e19700000MX |||||||||||||||||spa|d | ||
| 082 | 0 | 4 | |a 515 |b SPI |2 21 |
| 100 | 0 | |a Spiegel, Murray R |e author |9 366 | |
| 245 | 1 | 0 | |a Teoría y problemas de cálculo superior |
| 300 | |a 381 p | ||
| 942 | |c BK | ||
| 945 | |d 19941219 00:00:00 |a mfernand | ||
| 260 | |a Ciudad de México |b McGraw-Hill |c 1970 | ||
| 650 | 0 | |a Cálculo |9 260234 | |
| 650 | 0 | |a Problemas, ejercicios, etc |9 259377 | |
| 583 | |a last modification |c 19941219 00:00:00 |k Rodrigo Vera | ||
| 999 | |c 231434 |d 231432 | ||
| 952 | |0 0 |1 0 |4 0 |6 515_000000000000000_SPI_1970 |7 0 |8 A |9 234695 |a BIBALI |b BIBALI |c GEN |d 2019-11-15 |i 1964542 |o 515 SPI 1970 |p 1964542 |r 2025-01-20 |w 2019-11-15 |y BK |k ALI | ||
| 952 | |0 0 |1 0 |4 0 |6 515_000000000000000_SPI_1970 |7 0 |8 A |9 234697 |a BIBMAT |b BIBMAT |d 2019-11-15 |i 3094928 |o 515 SPI 1970 |p 3094928 |r 2025-01-07 |w 2019-11-15 |y BK |k MAT | ||